Focus sur: Arabella Figg - Harry Potter - Statistiques

Statistiques générales
  • Ce quiz a été pris 145 fois
  • Le résultat moyen est 4 sur 6
Statistiques - réponses
Informations recherchées Réponses % Correct
Statut du sang Cracmol
92%
Couleur des cheveux Gris
91%
Première apparition Harry Potter à l'école des sorciers
88%
Lieu de rencontre avec Harry Potter Little Whinging
85%
Profession Éleveuse de chats et de fléreurs
30%
Actrice l'interprétant dans les films Kathryn Hunter
13%
Aucun quiz correspondant
Distribution des résultats
% des personnes avec chaque résultat
Percentile par nombre de réponses
Votre historique - résultats
Vous n’avez pas pris ce quiz